000 00526nam a2200169Ia 4500
005 20260601193221.0
008 260601s9999||||xx |||||||||||||| ||und||
020 _a978-3-031-31805-4
_qebk
100 _aFrancesca Lazzeri
245 0 _aMachine Learning Governance for Managers
250 _a1st ed. 2024
260 _aHeidelberg, Germany
_bSpringer Nature
_c2024
650 _aComputer Science
700 _aAlexei Robsky
856 _uhttps://link.springer.com/openurl?genre=book&isbn=978-3-031-31805-4
942 _cEB
_2ddc
999 _c55811
_d55811